<?xml version="1.0" encoding="UTF-8"?><?xml-stylesheet type="text/xsl" href="static/style.xsl"?><OAI-PMH xmlns="http://www.openarchives.org/OAI/2.0/" xmlns:xsi="http://www.w3.org/2001/XMLSchema-instance" xsi:schemaLocation="http://www.openarchives.org/OAI/2.0/ http://www.openarchives.org/OAI/2.0/OAI-PMH.xsd"><responseDate>2026-04-17T04:28:40Z</responseDate><request verb="GetRecord" identifier="oai:www.recercat.cat:2117/446450" metadataPrefix="marc">https://recercat.cat/oai/request</request><GetRecord><record><header><identifier>oai:recercat.cat:2117/446450</identifier><datestamp>2025-11-18T18:06:27Z</datestamp><setSpec>com_2072_1033</setSpec><setSpec>col_2072_452951</setSpec></header><metadata><record xmlns="http://www.loc.gov/MARC21/slim" xmlns:dcterms="http://purl.org/dc/terms/" xmlns:xsi="http://www.w3.org/2001/XMLSchema-instance" xmlns:doc="http://www.lyncode.com/xoai" xsi:schemaLocation="http://www.loc.gov/MARC21/slim http://www.loc.gov/standards/marcxml/schema/MARC21slim.xsd">
   <leader>00925njm 22002777a 4500</leader>
   <datafield ind2=" " ind1=" " tag="042">
      <subfield code="a">dc</subfield>
   </datafield>
   <datafield ind2=" " ind1=" " tag="720">
      <subfield code="a">Wermers, Larissa</subfield>
      <subfield code="e">author</subfield>
   </datafield>
   <datafield ind2=" " ind1=" " tag="260">
      <subfield code="c">2024</subfield>
   </datafield>
   <datafield ind2=" " ind1=" " tag="520">
      <subfield code="a">Large additions of renewable energy internationally will require large installations of energy storage technologies to harness all the produced power and prevent the curtailment of those systems. A Swedish company, called Mine Storage, is working to convert old, out-of-commission mines into pumped underground hydro-storage systems (UPSH). As they are still a smaller company, their projects are mostly focused on Sweden and the Nordic Region. However, they have a partner in the U.S. that is an energy cooperative looking to develop this technology with them in the Midwest. This thesis is focused on comparing the EU and U.S. energy markets and infrastructure in order to better understand the different uses of energy storage for revenue and energy uses in future developments. The result of the research was the creation of a project development framework for the Midwest region in the U.S. to help streamline the implementation and approval process of a UPSH in the U.S. This includes the legal process of U.S. expansion and the necessary federal and local legislation and approvals for developing a project of this nature. The tool has been developed through Excel and the project analyzes Mine Storage’s current business development methods and potential improvements to their processes. The U.S. Permitting process is long and can be complex due to the large number of involved agencies to gain all forms of approval necessary. Lastly, recommendations to Mine Storage on their current development process and project management structure were provided along with tips to help facilitate the U.S.when the time comes.</subfield>
   </datafield>
   <datafield ind2=" " ind1=" " tag="520">
      <subfield code="a">Outgoing</subfield>
   </datafield>
   <datafield ind1="8" ind2=" " tag="024">
      <subfield code="a">http://hdl.handle.net/2117/446450</subfield>
   </datafield>
   <datafield tag="653" ind2=" " ind1=" ">
      <subfield code="a">Àrees temàtiques de la UPC::Energies</subfield>
   </datafield>
   <datafield tag="653" ind2=" " ind1=" ">
      <subfield code="a">Energy storage</subfield>
   </datafield>
   <datafield tag="653" ind2=" " ind1=" ">
      <subfield code="a">Renewable energy sources</subfield>
   </datafield>
   <datafield tag="653" ind2=" " ind1=" ">
      <subfield code="a">Hydroelectric power plants</subfield>
   </datafield>
   <datafield tag="653" ind2=" " ind1=" ">
      <subfield code="a">Electric power systems</subfield>
   </datafield>
   <datafield tag="653" ind2=" " ind1=" ">
      <subfield code="a">Project development, Energy storage, Hydropower, Permitting, Project management, Renewable energy, Pumped hydro storage, Ancillary services</subfield>
   </datafield>
   <datafield tag="653" ind2=" " ind1=" ">
      <subfield code="a">Energia -- Emmagatzematge</subfield>
   </datafield>
   <datafield tag="653" ind2=" " ind1=" ">
      <subfield code="a">Energies renovables</subfield>
   </datafield>
   <datafield tag="653" ind2=" " ind1=" ">
      <subfield code="a">Centrals hidroelèctriques</subfield>
   </datafield>
   <datafield tag="653" ind2=" " ind1=" ">
      <subfield code="a">Sistemes de distribució d'energia elèctrica</subfield>
   </datafield>
   <datafield ind2="0" ind1="0" tag="245">
      <subfield code="a">Project management in the development phase for mine storage: a case study in MISO and comparison between the U.S. and Sweden</subfield>
   </datafield>
</record></metadata></record></GetRecord></OAI-PMH>